Statistiques concernant Personnages de Modern Family

Cliquez ici pour prendre le quiz!

Statistiques générales

  • Ce quiz a été pris 212 fois
  • Le résultat moyen est 15 sur 23

Statistiques - réponses

HintRéponse% Correct
Mère au foyer puis patronneClaire Dunphy
98%
Fan de magiePhil Dunphy
98%
Miss Je sais toutAlex Dunphy
95%
Vient d'une fermeCameron Tucker-Pritchett
95%
De bébé à adoLily Tucker-Pritchett
95%
Ancienne chauffeur de taxi et coiffeuseGloria Delgado-Pritchett
94%
Aime le golfJay Pritchett
91%
Travaille dans la modeHaley Dunphy
87%
Pas intéressé par les étudesLuc Dunphy
87%
A peur des oiseauxMitchell Pritchett
86%
L'écriture et la mode en une personneManny Delgado
85%
Petit mais taquinJoe Pritchett
78%
Joue de la guitareDylan
76%
Ennemie numéro 1 des chaussures dans la maisonStella
65%
S'est fait expulser d'un mariageDeDe
47%
Organisateur de mariagesPepper
47%
Baby-sitterAndy
43%
Félin fuyardLarry
34%
Rival d'une grosse têteSanjay
21%
Soeur fortichePameron
18%
Ami du club de golfShorty
17%
Traîne pas mal avec le précédentLonginus
14%
Convoque souvent dans son bureauProviseur Brown
7%

Distribution des résultats

Percentile par nombre de réponses

% des personnes avec chaque résultat

Votre développement - résultats

Vous n’avez pas pris ce quiz